[Event "Harrogate 4NCL op-C 29th"]
[Site "Harrogate"]
[Date "2023.01.22"]
[Round "4"]
[White "Gannon, Ben"]
[Black "McKay, Mark"]
[Result "0-1"]
[WhiteElo "1487"]
[BlackElo "1691"]
[PlyCount "102"]
[EventDate "2023.01.20"]
[EventType "swiss"]
[EventRounds "5"]
[EventCountry "ENG"]
[SourceTitle "CBM 212 Extra"]
[Source "ChessBase"]
[SourceDate "2023.03.31"]
[SourceVersion "1"]
[SourceVersionDate "2023.03.31"]
[SourceQuality "1"]

1. d4 Nf6 2. c4 e5 3. d5 Bb4+ 4. Bd2 Qe7 5. Qc2 Bxd2+ 6. Nxd2 d6 7. e4 a5 8. a4 Nbd7 9. Ngf3 Nc5 10. Be2 0-0 11. 0-0 Ne8 12. Nb3 Nxb3 13. Qxb3 f5 14. Nd2 f4 15. Rac1 b6 16. Qd1 Nf6 17. Nb1 Nxe4 18. Bd3 Nc5 19. Bc2 Qg5 20. Kh1 Bg4 21. Qd2 Rf6 22. Nc3 Raf8 23. Nb5 R8f7 24. f3 Bf5 25. Rf2 Qh4 26. Nc3 Bxc2 27. Rxc2 Rh6 28. h3 Nb3 29. Qe1 Nd4 30. Rcd2 Qg3 31. Ne4 Qh4 32. Rf1 Nxf3 33. Qxh4 Nxh4 34. Ng5 Re7 35. Ne6 Ng6 36. Rdf2 Nf8 37. Ng5 Rh5 38. Ne4 Nd7 39. Kh2 Nf6 40. Nxf6+ gxf6 41. Re1 Rg7 42. b3 Rhg5 43. Rg1 Rg3 44. Rb2 f3 45. Kh1 Rxg2 46. Rgxg2 Rxg2 47. Rxg2+ fxg2+ 48. Kxg2 f5 49. Kg3 Kg7 50. h4 Kg6 51. Kh3 Kh5 0-1

[Event "Harrogate 4NCL op-C 29th"]
[Site "Harrogate"]
[Date "2023.01.21"]
[Round "3"]
[White "McKay, Mark"]
[Black "Walker, Heather Enid"]
[Result "1-0"]
[WhiteElo "1691"]
[BlackElo "1234"]
[PlyCount "51"]
[EventDate "2023.01.20"]
[EventType "swiss"]
[EventRounds "5"]
[EventCountry "ENG"]
[SourceTitle "CBM 212 Extra"]
[Source "ChessBase"]
[SourceDate "2023.03.31"]
[SourceVersion "1"]
[SourceVersionDate "2023.03.31"]
[SourceQuality "1"]

1. e4 Nf6 2. Nc3 e5 3. Bc4 Nxe4 4. Bxf7+ Kxf7 5. Nxe4 g6 6. d3 Be7 7. Bh6 d5 8. Qf3+ Bf5 9. Ng3 Ke6 10. Nxf5 gxf5 11. Qe2 Nc6 12. Nf3 Rg8 13. 0-0-0 Qd6 14. Bf4 Bf6 15. d4 Rg4 16. g3 Re8 17. h3 Rxf4 18. gxf4 e4 19. Ne5 a6 20. f3 Bxe5 21. fxe5 Qd8 22. fxe4 Qg5+ 23. Kb1 fxe4 24. h4 Qe7 25. Qg4+ Kf7 26. Rhf1+ 1-0